Statistics for Animals depicted on US state flags

Click here to take the quiz!

General Stats

  • This quiz has been taken 26 times
  • The average score is 7 of 12

Answer Stats

No of FlagsAnswer% Correct
10Eagle
100%
2Bear
92%
1Deer
72%
6Horse
68%
4Cow
64%
2Bison
56%
2Moose
56%
1Pelican
52%
2Elk
48%
18Human
40%
1Beaver
40%
1Badger
28%

Score Distribution

Percentile by Number Answered

Percent of People with Each Score

Your Score History

You have not taken this quiz